Introduction to econometrics (Record no. 20939)

MARC details
000 -LEADER
fixed length control field 00311nam a2200121Ia 4500
082 ## - DEWEY DECIMAL CLASSIFICATION NUMBER
Classification number 330.115
Item number KLE
100 ## - MAIN ENTRY--AUTHOR NAME
Personal name KLEIN, Lawrence R
245 #0 - TITLE STATEMENT
Title Introduction to econometrics
260 ## - PUBLICATION, DISTRIBUTION, ETC. (IMPRINT)
Place of publication New Delhi
Name of publisher Prentice Hall
Year of publication 1965
650 ## - SUBJECT ADDED ENTRY--TOPICAL TERM
Topical Term Econometrics
942 ## - ADDED ENTRY ELEMENTS (KOHA)
Koha item type Books
Holdings
Withdrawn status Lost status Damaged status Not for loan Home library Current library Date acquired Full call number Accession Number Koha item type
        RRII Library RRII Library 16/12/2021 330.115 KLE 01661 Books